000
00267nam a2200109Ia 4500
008
200302s9999 xx 000 0 und d
100
_a
Aysel Uslu and Others
245
_a
Urban planning theory and practice
260
_b
Intelliz press
260
_c
2016
300
_a
220
999
_c
5963
_d
5963